Путеводитель по озерам Хакасии: учебное пособие

Detalles Bibliográficos
Autor Corporativo: Национальный исследовательский Томский политехнический университет (ТПУ)
Otros Autores: Копылова Ю. Г. Юлия Григорьевна, Гусева Н. В. Наталья Владимировна, Хващевская А. А. Альбина Анатольевна, Сметанина И. В. Ирина Валерьевна
Sumario:В пособии рассмотрены геохимические особенности преимущественно соленых озер Хакасии. Приведена характеристика природно-климатических, геологических и гидрогеологических условий района распространения озер. Представлены результаты современных исследований макро- и микрокомпо­нентного состава озер, форм миграции химических элементов, в том числе и редкоземельных. Рассмотрены особенности взаимодействия вод с горными породами. Предложены гидрогеохимические маршруты, которые могут быть полезны при изучении особенностей формирования соленых озер Хакасии.Предназначено для студентов, обучающихся по направлению 130101 «Прикладная геология», а также может быть полезно студентам других гео­логических специальностей.
Lenguaje:ruso
Publicado: Томск, Изд-во ТПУ, 2014
Materias:
Formato: MixedMaterials Libro
KOHA link:https://koha.lib.tpu.ru/cgi-bin/koha/opac-detail.pl?biblionumber=279689

MARC

LEADER 00000nam0a2200000 4500
001 279689
005 20250429104418.0
035 |a (RuTPU)RU\TPU\book\302994 
090 |a 279689 
100 |a 20141223d2014 m y0rusy50 ca 
101 0 |a rus 
102 |a RU 
105 |a a j 001zy 
200 1 |a Путеводитель по озерам Хакасии  |e учебное пособие  |f Ю. Г. Копылова [и др.]  |g Национальный исследовательский Томский политехнический университет (ТПУ) 
210 |a Томск  |c Изд-во ТПУ  |d 2014 
215 |a 108 с.  |c ил. 
320 |a Библиогр.: с. 105-107. 
330 |a В пособии рассмотрены геохимические особенности преимущественно соленых озер Хакасии. Приведена характеристика природно-климатических, геологических и гидрогеологических условий района распространения озер. Представлены результаты современных исследований макро- и микрокомпо­нентного состава озер, форм миграции химических элементов, в том числе и редкоземельных. Рассмотрены особенности взаимодействия вод с горными породами. Предложены гидрогеохимические маршруты, которые могут быть полезны при изучении особенностей формирования соленых озер Хакасии.Предназначено для студентов, обучающихся по направлению 130101 «Прикладная геология», а также может быть полезно студентам других гео­логических специальностей. 
606 1 |a Озера  |2 stltpush  |3 (RuTPU)RU\TPU\subj\46817  |9 65911 
610 1 |a Хакасия 
610 1 |a озерные воды 
610 1 |a состав 
610 1 |a геохимические особенности 
610 1 |a геологическая характеристика 
610 1 |a химические элементы 
610 1 |a солевой состав 
610 1 |a гидрогеохимические маршруты 
610 1 |a путеводители 
610 1 |a учебные пособия 
610 1 |a труды учёных ТПУ 
675 |a 556.55(075.8)  |v 3 
701 1 |a Копылова  |b Ю. Г.  |c гидрогеолог  |c доцент Томского политехнического университета, кандидат геолого-минералогических наук  |c директор учебно-научно-производственного центра «Вода»  |f 1941-  |g Юлия Григорьевна  |3 (RuTPU)RU\TPU\pers\26086 
701 1 |a Гусева  |b Н. В.  |c гидрогеолог  |c профессор Томского политехнического университета, доктор геолого-минералогических наук  |f 1984-  |g Наталья Владимировна  |3 (RuTPU)RU\TPU\pers\27100  |9 12650 
701 1 |a Хващевская  |b А. А.  |c гидрогеолог  |c доцент Томского политехнического университета, кандидат геолого-минералогических наук  |f 1969-  |g Альбина Анатольевна  |3 (RuTPU)RU\TPU\pers\26240 
701 1 |a Сметанина  |b И. В.  |c гидрогеолог  |c научный сотрудник Томского политехнического университета  |f 1969-  |g Ирина Валерьевна  |3 (RuTPU)RU\TPU\pers\29954 
712 0 2 |a Национальный исследовательский Томский политехнический университет (ТПУ)  |c (2009- )  |3 (RuTPU)RU\TPU\col\15902 
801 1 |a RU  |b 63413507  |c 20141223 
801 2 |a RU  |b 63413507  |c 20150204  |g RCR 
850 |a 63413507 
942 |c BK